书目信息 |
| 题名: |
可编程控制器技术项目化教程
|
|
| 作者: | 刘敏 , 钟苏丽 主编 | |
| 分册: | ||
| 出版信息: | 北京 机械工业出版社 2011.06 |
|
| 页数: | 297页 | |
| 开本: | 26cm | |
| 丛书名: | ||
| 单 册: | ||
| 中图分类: | TM332.3 | |
| 科图分类: | ||
| 主题词: | 可编程序控制器--高等教育--教材 , 可编程序控制器 , 直流电机 | |
| 电子资源: | ||
| ISBN: | 978-7-111-34987-7 | |
| 000 | 00988nam0 2200277 450 | |
| 001 | 181 | |
| 005 | 20180921110757.81 | |
| 010 | @a978-7-111-34987-7@dCNY46.00 | |
| 100 | @a20111015d2011 em y0chiy50 ea | |
| 101 | 0 | @achi |
| 102 | @aCN@b110000 | |
| 105 | @aa z 000yy | |
| 200 | 1 | @a可编程控制器技术项目化教程@9ke bian cheng kong zhi qi ji shu xiang mu hua jiao cheng@f刘敏,钟苏丽主编 |
| 205 | @a2版 | |
| 210 | @a北京@c机械工业出版社@d2011.06 | |
| 215 | @a297页@c图@d26cm | |
| 300 | @a普通高等教育“十一五”国家级规划教材 高等职业技术教育机电类专业规划教材 | |
| 330 | @a本书介绍了可编程序控制器的概念、机床电气控制电路、西门子S7-200 PLC的基本、西门子S7-200 PLC的高级应用等内容。 | |
| 606 | 0 | @a可编程序控制器@x高等教育@j教材 |
| 606 | 0 | @a可编程序控制器 |
| 606 | 0 | @a直流电机 |
| 690 | @aTM332.3@v4 | |
| 701 | 0 | @a刘敏@9liu min@c(控制器理论)@4主编 |
| 701 | 0 | @a钟苏丽@9zhong su li@c(控制器理论)@4主编 |
| 801 | 0 | @aCN@b91MARC@c20130904 |
| 905 | @aMuseLib@dTM332.3@e49=2 | |
| 可编程控制器技术项目化教程/刘敏,钟苏丽主编.-2版.-北京:机械工业出版社,2011.06 |
| 297页:图;26cm |
| 普通高等教育“十一五”国家级规划教材 高等职业技术教育机电类专业规划教材 |
| ISBN 978-7-111-34987-7:CNY46.00 |
| 本书介绍了可编程序控制器的概念、机床电气控制电路、西门子S7-200 PLC的基本、西门子S7-200 PLC的高级应用等内容。 |
| ● |
| 相关链接 |
|
|
|
|
正题名:可编程控制器技术项目化教程
索取号:TM332.3/49=2
 
预约/预借
| 序号 | 登录号 | 条形码 | 馆藏地/架位号 | 状态 | 备注 |
| 1 | 1118639 | 211186394 | 第二样本阅览室/ [索取号:TM332.3/49=2] | 在馆 | |
| 2 | 1118640 | 211186401 | 第三借阅区/ [索取号:TM332.3/49=2] | 在馆 | |
| 3 | 1118641 | 211186410 | 第三借阅区/ [索取号:TM332.3/49=2] | 在馆 | |
| 4 | 1118642 | 211186429 | 第三借阅区/ [索取号:TM332.3/49=2] | 在馆 | |
| 5 | 1118643 | 211186438 | 第三借阅区/ [索取号:TM332.3/49=2] | 在馆 |